| 000 | 06431nam a22005897a 4500 | ||
|---|---|---|---|
| 005 | 20120117104053.0 | ||
| 010 | _aB-445759-764 B-461279-308 | ||
| 020 |
_a9780143103554 (V.2) _c395.00 |
||
| 020 |
_a0143103555 (V.2) _c395.00 |
||
| 035 | _aB-445759-764 B-461279-308 | ||
| 037 |
_adpl _bAllied Pub/Ven |
||
| 037 |
_adpl _bVirtuous Pub/Ven |
||
| 082 | _a883 | ||
| 245 |
_aThe fiction collection: _btwenty years of Penguin India / |
||
| 260 |
_aNew Delhi _bPenguin Books _c2007 |
||
| 270 |
_a11 Community Centre, Panchsheel Park _bNew Delhi _e110017 |
||
| 300 |
_a 2V.570p. _c21cm. |
||
| 500 | _a20 years of penguin india | ||
| 942 |
_2ddc _cEN _mFIC _h883 |
||
| 999 |
_c61035 _d61035 |
||